书目信息 |
| 题名: |
中国野生花卉
|
|
| 作者: | 黎盛臣 主编 | |
| 分册: | ||
| 出版信息: | 天津 天津教育出版社 1996 |
|
| 页数: | 346页 | |
| 开本: | 37cm | |
| 丛书名: | ||
| 单 册: | ||
| 中图分类: | Q944.58 | |
| 科图分类: | ||
| 主题词: | 野生植物-花卉--中国--图谱 , 花卉-野生植物--中国--图谱 | |
| 电子资源: | ||
| ISBN: | 7-5309-2623-3 | |
| 000 | 00719nam0 2200253 45 | |
| 001 | 0198005136 | |
| 005 | 20040413151223.2 | |
| 010 | @a7-5309-2623-3@b精装@dCNY580.00 | |
| 100 | @a19980113d1996 emky0chiy0121 ea | |
| 101 | 0 | @achi@aeng@elat |
| 102 | @aCN@b120000 | |
| 105 | @aa z 001yy | |
| 106 | @ar | |
| 200 | 10 | @a中国野生花卉@Azhong guo ye sheng hua hui@f黎盛臣主编 |
| 210 | @a天津@c天津教育出版社@d1996 | |
| 215 | @a346页@d37cm | |
| 300 | @a中英文本 | |
| 510 | 1 | @aWild flowers of China@zeng |
| 606 | @a野生植物-花卉@y中国@x图谱 | |
| 606 | @a花卉-野生植物@y中国@x图谱 | |
| 690 | @aQ944.58@v4 | |
| 701 | 0 | @a黎盛臣@Ali sheng chen@4主编 |
| 801 | 0 | @aCN@bNLC@c19980206 |
| 905 | @b331455@dQ944.58@e58@f1 | |
| 中国野生花卉/黎盛臣主编.-天津:天津教育出版社,1996 |
| 346页;37cm |
| 中英文本 |
| ISBN 7-5309-2623-3(精装):CNY580.00 |
| ● |
| 相关链接 |
|
|
|
|
正题名:中国野生花卉
索取号:Q944.58/58
 
预约/预借
| 序号 | 登录号 | 条形码 | 馆藏地/架位号 | 状态 | 备注 |
| 1 | 0331455 | 203314555 | 第二样本阅览室/ [索取号:Q944.58/58] | 在馆 |